[Event "DEM U12w 2022"]
[Site "Willingen GER"]
[Date "2022.06.10"]
[Round "8"]
[White "Mader, Theresa"]
[Black "Le, Thao-Linh"]
[Result "0-1"]
[Termination "normal"]
[Board "18"]
[WhiteElo "1339"]
[BlackElo "1093"]
[PlyCount "112"]
[WhiteFideId "34605657"]
[BlackFideId "16279131"]
[EventCountry "GER"]
[EventRounds "9"]
[EventType "swiss"]
[EventDate "2022.06.04"]

{[%evp 0,90,16,32,30,32,49,17,59,19,61,48,60,13,33,-3,5,-42,0,-14,50,53,53,-8,
-3,-46,-27,-21,9,10,3,2,23,46,61,47,61,36,41,58,61,38,44,30,37,58,42,40,33,
-133,-155,-133,-144,-254,-271,-286,-283,-542,-160,-160,-188,-181,0,15,-10,-10,
-17,-183,0,12,0,-57,-81,-440,-920,-962,-1029,-1284,-1422,-29991,-29992,-29999,
-685,-695,-758,-778,-782,-1366,-1124,-1272,-1319,-1330,-1368]} 1. d4 Nf6 2. Nf3
g6 3. g3 d6 4. Bg2 Be6 5. O-O Bg7 6. Bf4 Nbd7 7. c3 O-O 8. Qd2 a5 9. Bh6 Ng4
10. Bxg7 Kxg7 11. h3 Ngf6 12. Kh2 c5 13. Ng5 Bc4 14. Bxb7 Rb8 15. Bg2 cxd4 16.
cxd4 Qb6 17. b3 Ba6 18. Re1 h6 19. Nf3 Ne4 20. Qe3 f5 21. Nc3 Ndf6 22. Nxe4 Nd5
23. Qd2 fxe4 24. Ng1 Rxf2 25. Rf1 e3 26. Qd1 Rbf8 27. Rxf2 Rxf2 28. Rc1 Qb4 29.
Kh1 Nc3 30. Qc2 Nxe2 31. Nxe2 Bxe2 32. Qe4 Qd2 33. Rg1 Bd3 34. Qxe7+ Rf7 35.
Qe6 Qf2 36. Be4 Bxe4+ 37. Qxe4 e2 38. d5 Qf1 39. Kh2 Rf2+ 40. Kh1 Qxg1+ 41.
Kxg1 Rf1+ 42. Kg2 e1=Q 43. Qd4+ Rf6 44. Qa7+ Kg8 45. Qb8+ Rf8 46. Qb6 Qe2+ 47.
Kg1 Qf1+ 48. Kh2 Rf2+ 49. Qxf2 Qxf2+ 50. Kh1 Qxa2 51. h4 Qxb3 52. Kg1 Qb2 53.
Kf1 a4 54. g4 a3 55. g5 a2 56. gxh6 a1=R# 0-1

[Event "DEM U12w 2022"]
[Site "Willingen GER"]
[Date "2022.06.10"]
[Round "8"]
[White "Ignatova, Gabriela"]
[Black "Mo, Keyou"]
[Result "1-0"]
[Termination "normal"]
[Board "19"]
[WhiteElo "1170"]
[BlackElo "1150"]
[PlyCount "59"]
[WhiteFideId "34623698"]
[BlackFideId "34623582"]
[EventCountry "GER"]
[EventRounds "9"]
[EventType "swiss"]
[EventDate "2022.06.04"]

1. e4 e5 2. Nf3 Nc6 3. Bc4 Bc5 4. c3 Nf6 5. d4 exd4 6. cxd4 Bb4+ 7. Nc3 Nxe4 8.
O-O Bxc3 9. d5 O-O 10. Qd3 Bxb2 11. Bxb2 Nc5 12. Qc3 f6 13. dxc6+ d5 14. Rad1
bxc6 15. Rfe1 Ne4 16. Rxe4 Bf5 17. Ree1 Re8 18. Ba6 Qd6 19. Bb7 Rab8 20. Bxc6
Re6 21. Bxd5 Qb6 22. Bxe6+ Bxe6 23. Rxe6 Qxe6 24. Qxc7 Qe8 25. h3 h6 26. g4 Kh7
27. Bxf6 Qf8 28. Bxg7 Qe8 29. Be5+ Kg8 30. Qg7# 1-0

[Event "DEM U12w 2022"]
[Site "Willingen GER"]
[Date "2022.06.10"]
[Round "8"]
[White "Fomenkova, Elina"]
[Black "Wolf, Anna"]
[Result "1-0"]
[Termination "normal"]
[Board "20"]
[WhiteElo "933"]
[BlackElo "1218"]
[PlyCount "105"]
[WhiteFideId "34623760"]
[BlackFideId "34616993"]
[EventCountry "GER"]
[EventRounds "9"]
[EventType "swiss"]
[EventDate "2022.06.04"]

1. e4 e6 2. d4 d5 3. e5 c5 4. Nf3 Qb6 5. b3 Bd7 6. Be2 Bb5 7. Nbd2 Bxe2 8. Qxe2
Nc6 9. Bb2 Nge7 10. O-O Nf5 11. c4 Ncxd4 12. Bxd4 Nxd4 13. Nxd4 cxd4 14. Rac1
Bc5 15. cxd5 exd5 16. Kh1 O-O 17. Qd3 Rac8 18. Nf3 Rfe8 19. Ng5 Qh6 20. Qf5 Qg6
21. Qxg6 hxg6 22. Nf3 a5 23. a4 b6 24. Rfe1 Rcd8 25. Rcd1 d3 26. Kg1 Rb8 27.
Rxd3 Red8 28. Ng5 b5 29. e6 Kf8 30. exf7 Rd7 31. Ne6+ Kxf7 32. Nxc5 Rd6 33.
Rf3+ Kg8 34. Nd3 b4 35. Ne5 Re8 36. Nd3 Rc8 37. Re7 Rdc6 38. h3 R6c7 39. Re5
Rd7 40. Nf4 d4 41. Rxa5 Rc3 42. Ra8+ Kh7 43. Nd3 Rxb3 44. Nc5 Rb1+ 45. Kh2 Rd5
46. Rb3 Rf1 47. Nd3 Rd1 48. Nxb4 Rc5 49. a5 Rb5 50. Rd3 Ra1 51. Nc6 Rf5 52.
Rxd4 Rxf2 53. Rh4# 1-0

[Event "DEM U12w 2022"]
[Site "Willingen GER"]
[Date "2022.06.10"]
[Round "8"]
[White "Rössling, Laura Marie"]
[Black "Altmeyer, Hannah"]
[Result "1-0"]
[Termination "normal"]
[Board "21"]
[WhiteElo "1063"]
[BlackElo "754"]
[PlyCount "121"]
[WhiteFideId "16289471"]
[BlackFideId "34623892"]
[EventCountry "GER"]
[EventRounds "9"]
[EventType "swiss"]
[EventDate "2022.06.04"]

1. e4 e5 2. Nf3 Qe7 3. Bc4 Nf6 4. Nc3 Nc6 5. d3 h6 6. Be3 d6 7. Nd5 Nxd5 8.
exd5 Na5 9. Qd2 Nxc4 10. dxc4 Bg4 11. O-O-O O-O-O 12. h3 Bh5 13. g4 Bg6 14. Qa5
b6 15. Qxa7 Be4 16. Qa8+ Kd7 17. Qc6+ Kc8 18. Nd2 Bxh1 19. Rxh1 Re8 20. Bxb6
Kd8 21. Qa8+ Kd7 22. Qb7 Rc8 23. Nb3 Qd8 24. Na5 Rb8 25. Qc6+ Kc8 26. Ba7 Ra8
27. Qxa8+ Kd7 28. Qc6+ Kc8 29. Qa6+ Kd7 30. Nc6 Qe8 31. Qb7 Qc8 32. Nb8+ Kd8
33. Qxc8+ Kxc8 34. Nc6 Kb7 35. Be3 g5 36. Kd2 Bg7 37. h4 gxh4 38. Rxh4 Ra8 39.
a3 Ra4 40. Bxh6 Bxh6+ 41. Rxh6 Rxc4 42. Na5+ Kb6 43. Nxc4+ Kc5 44. Ne3 Kd4 45.
Rh7 f6 46. Rxc7 e4 47. a4 Ke5 48. a5 Kf4 49. a6 Ke5 50. a7 Kf4 51. a8=Q Ke5 52.
Nc4+ Kf4 53. Qc8 Kf3 54. Qf5+ Kg2 55. Qxe4+ Kxf2 56. Qe2+ Kg3 57. Qe1+ Kxg4 58.
Rg7+ Kf4 59. Qf2+ Ke4 60. Nb6 Ke5 61. Re7# 1-0

[Event "DEM U12w 2022"]
[Site "Willingen GER"]
[Date "2022.06.11"]
[Round "9"]
[White "Sickmann, Lisa"]
[Black "Xiao, Yiyi"]
[Result "1-0"]
[Termination "normal"]
[Board "1"]
[WhiteElo "1660"]
[BlackElo "1064"]
[WhiteClock "00:14:26"]
[BlackClock "00:53:29"]
[PlyCount "115"]
[WhiteFideId "16267818"]
[BlackFideId "34605665"]
[EventCountry "GER"]
[EventRounds "9"]
[EventType "swiss"]
[EventDate "2022.06.04"]

1. e4 {[%clk 01:30:57]} {[%emt 00:00:02]} c5 {[%clk 01:30:39]} {[%emt
00:00:21]} 2. Nf3 {[%clk 01:31:22]} {[%emt 00:00:06]} Nc6 {[%clk 01:30:51]}
{[%emt 00:00:18]} 3. c3 {[%clk 01:31:41]} {[%emt 00:00:12]} e6 {[%clk
01:30:41]} {[%emt 00:00:39]} 4. d4 {[%clk 01:27:48]} {[%emt 00:04:23]} cxd4
{[%clk 01:29:44]} {[%emt 00:01:27]} 5. cxd4 {[%clk 01:27:58]} {[%emt 00:00:20]}
d5 {[%clk 01:29:25]} {[%emt 00:00:49]} 6. e5 {[%clk 01:27:31]} {[%emt
00:00:57]} Nge7 {[%clk 01:27:51]} {[%emt 00:02:04]} 7. Nc3 {[%clk 01:27:00]}
{[%emt 00:01:01]} Ng6 {[%clk 01:26:43]} {[%emt 00:01:37]} 8. Bb5 {[%clk
01:22:19]} {[%emt 00:05:12]} Bd7 {[%clk 01:25:40]} {[%emt 00:01:32]} 9. O-O
{[%clk 01:22:00]} {[%emt 00:00:50]} Be7 {[%clk 01:25:11]} {[%emt 00:00:56]} 10.
Ne1 {[%clk 01:03:09]} {[%emt 00:19:23]} O-O {[%clk 01:23:09]} {[%emt 00:02:33]}
11. f4 {[%clk 01:02:54]} {[%emt 00:00:45]} f5 {[%clk 01:22:34]} {[%emt
00:01:05]} 12. Nc2 {[%clk 01:00:00]} {[%emt 00:03:23]} a6 {[%clk 01:21:11]}
{[%emt 00:01:54]} 13. Be2 {[%clk 01:00:08]} {[%emt 00:00:21]} Be8 {[%clk
01:20:17]} {[%emt 00:01:25]} 14. Kh1 {[%clk 00:55:19]} {[%emt 00:05:19]} b5
{[%clk 01:18:16]} {[%emt 00:02:31]} 15. a3 {[%clk 00:55:12]} {[%emt 00:00:37]}
Rb8 {[%clk 01:17:36]} {[%emt 00:01:10]} 16. g4 {[%clk 00:53:27]} {[%emt
00:02:14]} fxg4 {[%clk 01:16:18]} {[%emt 00:01:49]} 17. Bxg4 {[%clk 00:53:47]}
{[%emt 00:00:10]} Bf7 {[%clk 01:16:18]} {[%emt 00:00:31]} 18. Qd3 {[%clk
00:51:34]} {[%emt 00:02:41]} Nh4 {[%clk 01:13:02]} {[%emt 00:03:48]} 19. Qh3
{[%clk 00:50:04]} {[%emt 00:01:58]} Qd7 {[%clk 01:10:40]} {[%emt 00:02:53]} 20.
b4 {[%clk 00:42:23]} {[%emt 00:08:11]} Kh8 {[%clk 01:08:46]} {[%emt 00:02:24]}
21. Rd1 {[%clk 00:36:01]} {[%emt 00:06:50]} Nf5 {[%clk 01:06:19]} {[%emt
00:02:59]} 22. Bxf5 {[%clk 00:34:09]} {[%emt 00:02:22]} exf5 {[%clk 01:06:37]}
{[%emt 00:00:12]} 23. Rg1 {[%clk 00:32:45]} {[%emt 00:01:52]} Be6 {[%clk
01:05:56]} {[%emt 00:01:12]} 24. Qg3 {[%clk 00:30:31]} {[%emt 00:02:43]} Bd8
{[%clk 01:03:39]} {[%emt 00:02:49]} 25. a4 {[%clk 00:28:51]} {[%emt 00:02:10]}
Rg8 {[%clk 01:00:22]} {[%emt 00:03:47]} 26. axb5 {[%clk 00:26:42]} {[%emt
00:02:39]} axb5 {[%clk 01:00:13]} {[%emt 00:00:39]} 27. Bd2 {[%clk 00:25:32]}
{[%emt 00:01:41]} Be7 {[%clk 00:59:20]} {[%emt 00:01:22]} 28. Nd1 {[%clk
00:23:50]} {[%emt 00:02:10]} Qe8 {[%clk 00:58:52]} {[%emt 00:01:00]} 29. Qh3
{[%clk 00:19:06]} {[%emt 00:05:13]} Nd8 {[%clk 00:57:29]} {[%emt 00:01:54]} 30.
Ra3 {[%clk 00:17:26]} {[%emt 00:02:09]} Nf7 {[%clk 00:56:28]} {[%emt 00:01:32]}
31. Qh5 {[%clk 00:12:30]} {[%emt 00:05:25]} g6 {[%clk 00:54:32]} {[%emt
00:02:27]} 32. Qe2 {[%clk 00:11:03]} {[%emt 00:01:55]} Rc8 {[%clk 00:53:34]}
{[%emt 00:01:27]} 33. Nc3 {[%clk 00:10:17]} {[%emt 00:01:18]} Rc4 {[%clk
00:52:39]} {[%emt 00:01:25]} 34. Ra5 {[%clk 00:08:29]} {[%emt 00:02:18]} Bxb4
{[%clk 00:48:31]} {[%emt 00:04:38]} 35. Nxb4 {[%clk 00:08:29]} {[%emt
00:00:30]} Rxb4 {[%clk 00:48:28]} {[%emt 00:00:33]} 36. Ne4 {[%clk 00:07:59]}
{[%emt 00:01:02]} dxe4 {[%clk 00:40:42]} {[%emt 00:08:15]} 37. Bxb4 {[%clk
00:07:50]} {[%emt 00:00:39]} Bc4 {[%clk 00:39:08]} {[%emt 00:02:04]} 38. Qf2
{[%clk 00:08:06]} {[%emt 00:00:13]} e3 {[%clk 00:38:26]} {[%emt 00:01:13]} 39.
Qxe3 {[%clk 00:05:58]} {[%emt 00:02:37]} Qc6+ {[%clk 00:36:46]} {[%emt
00:02:10]} 40. Rg2 {[%clk 00:05:17]} {[%emt 00:01:10]} Bd5 {[%clk 00:36:46]}
{[%emt 00:00:30]} 41. Qd2 {[%clk 00:02:55]} {[%emt 00:02:54]} Qc4 {[%clk
00:34:38]} {[%emt 00:02:36]} 42. Kg1 {[%clk 00:02:26]} {[%emt 00:01:00]} Bxg2
{[%clk 00:34:44]} {[%emt 00:00:25]} 43. Kxg2 {[%clk 00:02:01]} {[%emt
00:00:55]} Qd5+ {[%clk 00:35:04]} {[%emt 00:00:10]} 44. Kf2 {[%clk 00:29:01]}
{[%emt 00:03:29]} g5 {[%clk 01:04:51]} {[%emt 00:00:43]} 45. Be7 {[%clk
00:28:40]} {[%emt 00:00:51]} h6 {[%clk 01:04:03]} {[%emt 00:01:18]} 46. Bf6+
{[%clk 00:28:26]} {[%emt 00:00:44]} Kh7 {[%clk 01:04:13]} {[%emt 00:00:20]} 47.
Qd3 {[%clk 00:28:06]} {[%emt 00:00:49]} Qd7 {[%clk 01:01:57]} {[%emt 00:02:43]}
48. d5 {[%clk 00:25:59]} {[%emt 00:02:42]} gxf4 {[%clk 01:01:13]} {[%emt
00:01:13]} 49. e6 {[%clk 00:25:45]} {[%emt 00:00:45]} Qc7 {[%clk 00:56:26]}
{[%emt 00:05:17]} 50. exf7 {[%clk 00:18:14]} {[%emt 00:08:00]} Qxf7 {[%clk
00:56:23]} {[%emt 00:00:34]} 51. Qxf5+ {[%clk 00:12:52]} {[%emt 00:05:51]} Rg6
{[%clk 00:56:33]} {[%emt 00:00:20]} 52. Ra6 {[%clk 00:12:45]} {[%emt 00:00:38]}
b4 {[%clk 00:56:13]} {[%emt 00:00:50]} 53. h4 {[%clk 00:13:06]} {[%emt
00:00:09]} Qc7 {[%clk 00:54:04]} {[%emt 00:02:37]} 54. Qxg6+ {[%clk 00:13:22]}
{[%emt 00:00:15]} Kxg6 {[%clk 00:52:53]} {[%emt 00:01:42]} 55. Be5+ {[%clk
00:13:44]} {[%emt 00:00:07]} Kf5 {[%clk 00:53:01]} {[%emt 00:00:23]} 56. Bxc7
{[%clk 00:14:08]} {[%emt 00:00:05]} Ke4 {[%clk 00:53:11]} {[%emt 00:00:20]} 57.
Ra4 {[%clk 00:14:05]} {[%emt 00:00:33]} Kxd5 {[%clk 00:53:29]} {[%emt
00:00:12]} 58. Rxb4 {[%clk 00:14:26]} {[%emt 00:00:09]} 1-0

[Event "DEM U12w 2022"]
[Site "Willingen GER"]
[Date "2022.06.11"]
[Round "9"]
[White "Kutz, Ida Klara"]
[Black "Trunz, Tamila"]
[Result "0-1"]
[Termination "normal"]
[Board "2"]
[WhiteElo "1327"]
[BlackElo "1474"]
[WhiteClock "00:14:58"]
[BlackClock "00:55:28"]
[PlyCount "64"]
[WhiteFideId "16296257"]
[BlackFideId "16267885"]
[EventCountry "GER"]
[EventRounds "9"]
[EventType "swiss"]
[EventDate "2022.06.04"]

1. d4 {[%clk 01:30:58]} {[%emt 00:00:01]} Nf6 {[%clk 01:30:45]} {[%emt
00:00:15]} 2. c4 {[%clk 01:31:12]} {[%emt 00:00:15]} e6 {[%clk 01:30:44]}
{[%emt 00:00:32]} 3. Nc3 {[%clk 01:30:55]} {[%emt 00:00:47]} Bb4 {[%clk
01:30:47]} {[%emt 00:00:28]} 4. Bg5 {[%clk 01:30:40]} {[%emt 00:00:44]} b6
{[%clk 01:30:07]} {[%emt 00:01:11]} 5. e3 {[%clk 01:30:12]} {[%emt 00:00:57]}
c6 {[%clk 01:30:03]} {[%emt 00:00:34]} 6. Bd3 {[%clk 01:28:14]} {[%emt
00:02:28]} d5 {[%clk 01:29:56]} {[%emt 00:00:37]} 7. cxd5 {[%clk 01:27:54]}
{[%emt 00:00:49]} Bxc3+ {[%clk 01:29:26]} {[%emt 00:01:01]} 8. bxc3 {[%clk
01:27:59]} {[%emt 00:00:25]} cxd5 {[%clk 01:29:19]} {[%emt 00:00:37]} 9. Nf3
{[%clk 01:26:58]} {[%emt 00:01:31]} O-O {[%clk 01:28:52]} {[%emt 00:00:57]} 10.
O-O {[%clk 01:22:46]} {[%emt 00:04:42]} Ba6 {[%clk 01:26:51]} {[%emt 00:02:31]}
11. Re1 {[%clk 01:19:22]} {[%emt 00:03:55]} Bxd3 {[%clk 01:26:08]} {[%emt
00:01:13]} 12. Qxd3 {[%clk 01:19:38]} {[%emt 00:00:13]} Nbd7 {[%clk 01:25:11]}
{[%emt 00:01:27]} 13. Ne5 {[%clk 01:16:27]} {[%emt 00:03:41]} Qc8 {[%clk
01:22:42]} {[%emt 00:02:59]} 14. c4 {[%clk 01:14:27]} {[%emt 00:02:30]} Nxe5
{[%clk 01:21:00]} {[%emt 00:02:12]} 15. dxe5 {[%clk 01:14:16]} {[%emt
00:00:41]} dxc4 {[%clk 01:20:49]} {[%emt 00:00:42]} 16. Qd4 {[%clk 01:13:29]}
{[%emt 00:01:16]} Nd5 {[%clk 01:17:20]} {[%emt 00:04:00]} 17. Qg4 {[%clk
01:11:08]} {[%emt 00:02:49]} f6 {[%clk 01:15:50]} {[%emt 00:02:01]} 18. Bh6
{[%clk 01:09:29]} {[%emt 00:02:09]} Qd7 {[%clk 01:15:01]} {[%emt 00:01:18]} 19.
Rad1 {[%clk 01:00:51]} {[%emt 00:09:09]} f5 {[%clk 01:12:17]} {[%emt 00:03:14]}
20. Qg3 {[%clk 00:49:11]} {[%emt 00:12:10]} Kh8 {[%clk 01:09:23]} {[%emt
00:03:23]} 21. Bf4 {[%clk 00:45:47]} {[%emt 00:03:54]} Qf7 {[%clk 01:08:50]}
{[%emt 00:01:02]} 22. Rd4 {[%clk 00:43:19]} {[%emt 00:03:00]} Rac8 {[%clk
01:07:54]} {[%emt 00:01:26]} 23. Rc1 {[%clk 00:39:43]} {[%emt 00:04:06]} b5
{[%clk 01:05:17]} {[%emt 00:03:07]} 24. h4 {[%clk 00:34:00]} {[%emt 00:06:13]}
c3 {[%clk 01:04:45]} {[%emt 00:01:03]} 25. Qh3 {[%clk 00:31:37]} {[%emt
00:02:51]} b4 {[%clk 01:03:33]} {[%emt 00:01:43]} 26. h5 {[%clk 00:29:31]}
{[%emt 00:02:36]} h6 {[%clk 01:02:06]} {[%emt 00:01:57]} 27. g4 {[%clk
00:27:35]} {[%emt 00:02:26]} fxg4 {[%clk 00:59:55]} {[%emt 00:02:42]} 28. Qxg4
{[%clk 00:27:52]} {[%emt 00:00:12]} Qf5 {[%clk 00:57:32]} {[%emt 00:02:50]} 29.
Qg6 {[%clk 00:18:37]} {[%emt 00:09:47]} Qxg6+ {[%clk 00:57:01]} {[%emt
00:01:01]} 30. hxg6 {[%clk 00:18:55]} {[%emt 00:00:13]} a5 {[%clk 00:56:27]}
{[%emt 00:01:05]} 31. Kg2 {[%clk 00:17:08]} {[%emt 00:02:16]} a4 {[%clk
00:55:32]} {[%emt 00:01:25]} 32. Bg3 {[%clk 00:14:58]} {[%emt 00:02:40]} b3
{[%clk 00:55:28]} {[%emt 00:00:35]} 0-1

[Event "DEM U12w 2022"]
[Site "Willingen GER"]
[Date "2022.06.11"]
[Round "9"]
[White "Bauer, Laura Sophie"]
[Black "Schube, Theresa"]
[Result "1-0"]
[Termination "normal"]
[Board "3"]
[WhiteElo "1428"]
[BlackElo "1167"]
[WhiteClock "01:15:51"]
[BlackClock "00:25:01"]
[PlyCount "95"]
[WhiteFideId "16253647"]
[BlackFideId "34608800"]
[EventCountry "GER"]
[EventRounds "9"]
[EventType "swiss"]
[EventDate "2022.06.04"]

1. e4 {[%clk 01:30:57]} {[%emt 00:00:01]} e5 {[%clk 01:30:49]} {[%emt
00:00:12]} 2. Nf3 {[%clk 01:31:23]} {[%emt 00:00:05]} Nc6 {[%clk 01:31:06]}
{[%emt 00:00:12]} 3. Bc4 {[%clk 01:31:45]} {[%emt 00:00:09]} Bc5 {[%clk
01:31:12]} {[%emt 00:00:23]} 4. c3 {[%clk 01:32:09]} {[%emt 00:00:06]} Nf6
{[%clk 01:30:35]} {[%emt 00:01:07]} 5. d4 {[%clk 01:30:28]} {[%emt 00:02:11]}
exd4 {[%clk 01:30:48]} {[%emt 00:00:17]} 6. cxd4 {[%clk 01:30:46]} {[%emt
00:00:11]} Bb4+ {[%clk 01:30:49]} {[%emt 00:00:29]} 7. Nbd2 {[%clk 01:31:05]}
{[%emt 00:00:11]} d5 {[%clk 01:26:02]} {[%emt 00:05:17]} 8. exd5 {[%clk
01:31:28]} {[%emt 00:00:09]} Nxd5 {[%clk 01:25:34]} {[%emt 00:00:57]} 9. O-O
{[%clk 01:31:48]} {[%emt 00:00:10]} O-O {[%clk 01:23:43]} {[%emt 00:02:21]} 10.
a3 {[%clk 01:32:10]} {[%emt 00:00:08]} Bxd2 {[%clk 01:20:29]} {[%emt 00:03:43]}
11. Bxd2 {[%clk 01:30:08]} {[%emt 00:02:33]} Nb6 {[%clk 01:16:15]} {[%emt
00:04:44]} 12. Bg5 {[%clk 01:25:44]} {[%emt 00:04:54]} Qd6 {[%clk 01:07:07]}
{[%emt 00:09:39]} 13. Be2 {[%clk 01:18:27]} {[%emt 00:07:46]} Be6 {[%clk
00:48:04]} {[%emt 00:19:32]} 14. Rc1 {[%clk 01:09:32]} {[%emt 00:09:25]} f6
{[%clk 00:43:27]} {[%emt 00:05:08]} 15. Be3 {[%clk 01:09:03]} {[%emt 00:00:59]}
a6 {[%clk 00:40:21]} {[%emt 00:03:37]} 16. Qc2 {[%clk 01:07:29]} {[%emt
00:02:03]} Bg4 {[%clk 00:34:39]} {[%emt 00:06:12]} 17. h3 {[%clk 01:01:39]}
{[%emt 00:06:20]} Bh5 {[%clk 00:34:40]} {[%emt 00:00:29]} 18. Qc5 {[%clk
00:59:44]} {[%emt 00:02:22]} Qxc5 {[%clk 00:33:39]} {[%emt 00:01:34]} 19. Rxc5
{[%clk 00:59:53]} {[%emt 00:00:21]} Bf7 {[%clk 00:33:48]} {[%emt 00:00:21]} 20.
b4 {[%clk 00:53:42]} {[%emt 00:06:41]} Rad8 {[%clk 00:31:01]} {[%emt 00:03:18]}
21. Bxa6 {[%clk 00:52:06]} {[%emt 00:02:06]} bxa6 {[%clk 00:27:19]} {[%emt
00:04:12]} 22. Rxc6 {[%clk 00:51:42]} {[%emt 00:00:53]} Rd7 {[%clk 00:25:20]}
{[%emt 00:02:30]} 23. Rfc1 {[%clk 00:51:22]} {[%emt 00:00:49]} Nd5 {[%clk
00:21:43]} {[%emt 00:04:08]} 24. Rxa6 {[%clk 00:51:41]} {[%emt 00:00:10]} Nxe3
{[%clk 00:21:56]} {[%emt 00:00:17]} 25. fxe3 {[%clk 00:52:05]} {[%emt
00:00:07]} Re8 {[%clk 00:21:09]} {[%emt 00:01:16]} 26. Kf2 {[%clk 00:52:24]}
{[%emt 00:00:10]} Bd5 {[%clk 00:19:55]} {[%emt 00:01:44]} 27. Ra7 {[%clk
00:51:30]} {[%emt 00:01:25]} Ra8 {[%clk 00:16:15]} {[%emt 00:04:10]} 28. Rxa8+
{[%clk 00:51:52]} {[%emt 00:00:08]} Bxa8 {[%clk 00:16:39]} {[%emt 00:00:05]}
29. b5 {[%clk 00:51:59]} {[%emt 00:00:24]} Kf7 {[%clk 00:15:37]} {[%emt
00:01:32]} 30. Nd2 {[%clk 00:51:35]} {[%emt 00:00:53]} Ke7 {[%clk 00:14:19]}
{[%emt 00:01:49]} 31. Nb3 {[%clk 00:51:28]} {[%emt 00:00:37]} Kd6 {[%clk
00:09:19]} {[%emt 00:05:30]} 32. a4 {[%clk 00:50:15]} {[%emt 00:01:44]} Bd5
{[%clk 00:08:26]} {[%emt 00:01:22]} 33. Nc5 {[%clk 00:50:10]} {[%emt 00:00:34]}
Re7 {[%clk 00:06:45]} {[%emt 00:02:11]} 34. a5 {[%clk 00:49:32]} {[%emt
00:01:08]} Re8 {[%clk 00:05:12]} {[%emt 00:02:04]} 35. Na6 {[%clk 00:47:40]}
{[%emt 00:02:20]} Ra8 {[%clk 00:03:34]} {[%emt 00:02:09]} 36. Nxc7 {[%clk
00:46:44]} {[%emt 00:01:25]} Rxa5 {[%clk 00:03:31]} {[%emt 00:00:34]} 37. Nxd5
{[%clk 00:45:01]} {[%emt 00:02:13]} Kxd5 {[%clk 00:03:37]} {[%emt 00:00:25]}
38. Rb1 {[%clk 00:44:49]} {[%emt 00:00:41]} Ra7 {[%clk 00:03:42]} {[%emt
00:00:25]} 39. b6 {[%clk 00:45:10]} {[%emt 00:00:08]} Rb7 {[%clk 00:04:03]}
{[%emt 00:00:09]} 40. Kf3 {[%clk 00:45:25]} {[%emt 00:00:15]} g6 {[%clk
00:03:16]} {[%emt 00:01:18]} 41. g4 {[%clk 00:45:37]} {[%emt 00:00:18]} Kc6
{[%clk 00:02:11]} {[%emt 00:01:36]} 42. h4 {[%clk 00:45:00]} {[%emt 00:01:06]}
Re7 {[%clk 00:01:10]} {[%emt 00:01:31]} 43. b7 {[%clk 00:45:14]} {[%emt
00:00:16]} Rxb7 {[%clk 00:01:20]} {[%emt 00:00:20]} 44. Rxb7 {[%clk 00:45:39]}
{[%emt 00:00:05]} Kxb7 {[%clk 00:01:44]} {[%emt 00:00:06]} 45. Kf4 {[%clk
00:45:38]} {[%emt 00:00:32]} Kc6 {[%clk 00:01:23]} {[%emt 00:00:49]} 46. g5
{[%clk 00:45:16]} {[%emt 00:00:52]} f5 {[%clk 00:00:48]} {[%emt 00:01:05]} 47.
Ke5 {[%clk 00:45:29]} {[%emt 00:00:18]} Kb5 {[%clk 00:25:01]} {[%emt 00:06:17]}
48. d5 {[%clk 01:15:51]} {[%emt 00:00:08]} 1-0